Library of the University of Algiers 3
Ibrahim Sultan Cheibout
شعار جامعة الجزائر 3
مكتبة جامعة الجزائر 3
إبراهيم سلطان شيبوط

المرأة و رياضة المشى (رقم التسجيلة. 11897)

تفاصيل مارك
000 -LEADER
fixed length control field 00616nam a2200217Ia 4500
003 - CONTROL NUMBER IDENTIFIER
control field IEPS
005 - DATE AND TIME OF LATEST TRANSACTION
control field 20250703135252.0
008 - FIXED-LENGTH DATA ELEMENTS--GENERAL INFORMATION
fixed length control field 250223s9999||||xx |||||||||||||| ||und||
020 ## - INTERNATIONAL STANDARD BOOK NUMBER
International Standard Book Number 8065603977
040 ## - CATALOGING SOURCE
-- IEPS
041 ## - LANGUAGE CODE
Language code of text/sound track or separate title ara
082 ## - DEWEY DECIMAL CLASSIFICATION NUMBER
Classification number 613.7
100 ## - MAIN ENTRY--PERSONAL NAME
Personal name السكري خيرية إبراهيم
245 #0 - TITLE STATEMENT
Title المرأة و رياضة المشى
250 ## - EDITION STATEMENT
Edition statement ط:الاولى
260 ## - PUBLICATION, DISTRIBUTION, ETC.
Place of publication, distribution, etc. الاسكندرية
Name of publisher, distributor, etc. منشأة المعارف
Date of publication, distribution, etc. 2000
300 ## - PHYSICAL DESCRIPTION
Extent 147
Other physical details اشكال،جداول
Dimensions 24سم
653 ## - INDEX TERM--UNCONTROLLED
Uncontrolled term رياضة المشي
700 ## - ADDED ENTRY--PERSONAL NAME
Personal name محمد جابر بريقع
942 ## - ADDED ENTRY ELEMENTS (KOHA)
Koha item type كتب
المقتنيات
Withdrawn status Lost status Source of classification or shelving scheme Damaged status Not for loan Home library Current library Date acquired Inventory number Total checkouts Full call number Barcode Date last seen Copy number Price effective from Koha item type
    Dewey Decimal Classification   NOT LOAN / إعارة داخلية مكتبة معهد التربية البدنية و الرياضية مكتبة معهد التربية البدنية و الرياضية 23/02/2025 invar2236   613.7 ا خ م / 1 invar2236 23/02/2025 ل ع 881 / 1 23/02/2025 كتب
    Dewey Decimal Classification   Available مكتبة معهد التربية البدنية و الرياضية مكتبة معهد التربية البدنية و الرياضية 23/02/2025 invar2237   613.7 ا خ م / 2 invar2237 23/02/2025 ل ع 881 / 2 23/02/2025 كتب
    Dewey Decimal Classification   Available مكتبة معهد التربية البدنية و الرياضية مكتبة معهد التربية البدنية و الرياضية 23/02/2025 invar2238   613.7 ا خ م / 3 invar2238 23/02/2025 ل ع 881 / 3 23/02/2025 كتب
    Dewey Decimal Classification   Available مكتبة معهد التربية البدنية و الرياضية مكتبة معهد التربية البدنية و الرياضية 23/02/2025 invar2239   613.7 ا خ م / 4 invar2239 23/02/2025 ل ع 881 / 4 23/02/2025 كتب

موارد الويب المفتوحة


© University of Algiers 3 All Rights Reserved
|
Implemented by LECHELAH Riad